Представление документа в формате MARC21

ПолеНазваниеЗначение
  Тип записи a
  Библиографический уровень m
001 Контрольный номер RU/URAIT/561184
005 Дата корректировки 20260429163658.2
008 Кодируемые данные 260429s2025 RU y f j 000 0 rus u
020 Индекс ISBN __
a ISBN 978-5-534-08937-0
c Цена, тираж 2189.00
040 Источник каталогиз. __
a Служба первич. каталог. ИКО Юрайт
c Служба, преобразующая запись ИКО Юрайт
e Правила каталог. RCR
041 Код языка издания __
a Код языка текста rus
044 Код страны публикации __
a Код страны публикации RU
080 Индекс УДК __
a Индекс УДК 514(075.32)
084 Индекс другой классификации/Индекс ББК __
2 Источник индекса rubbk
a Индекс другой классификации/Индекс ББК 30.11я723
100 Автор __
a Автор Чекмарев А. А.
q Полное имя Чекмарев Альберт Анатольевич
245 Заглавие __
a Заглавие Начертательная геометрия и черчение
b Продолж. заглавия учебник для спо
c Ответственность А. А. Чекмарев.
250 Сведения об издании __
g испр. и доп
a Основные сведения об издании 7-е изд.
256 Характеристики компьютерного файла __
a Характеристики компьютерного файла Электрон. дан.
260 Выходные данные __
a Место издания Москва
b Издательство Юрайт
c Дата издания 2025
300 Физическое описание __
a Объем 423 с
440 Серия __
a Серия Профессиональное образование
500 Примечания __
a Примечание URL: https://urait.ru/bcode/561184 (дата обращения: 29.04.2026).
520 Аннотация __
a Аннотация В учебнике изложены основы начертательной геометрии в непосредственной связи с основами технического рисунка и черчения, основы машиностроительного черчения, правила выполнения схем. Рассмотрены элементы строительного и топографического черчения, основы использования персональных электронных вычислительных машин для решения графических задач. В процессе изучения начертательной геометрии и черчения студенты освоят основные положения Единой системы конструкторской документации (ЕСКД) и системы проектной документации для строительства (СПДС), а также современные системы автоматизированного выполнения чертежей.
538 Прим. о системных особенностях __
a Прим. о системных особенностях Режим доступа: Электронно-библиотечная система Юрайт, для авториз. пользователей
653 Ключевые слова __
a Ключевые слова Геометрия, топология
653 Ключевые слова __
a Ключевые слова Математика и статистика
653 Ключевые слова __
a Ключевые слова Инженерная графика
653 Ключевые слова __
a Ключевые слова Начертательная геометрия. Инженерная графика
653 Ключевые слова __
a Ключевые слова Начертательная геометрия
653 Ключевые слова __
a Ключевые слова Начертательная геометрия и черчение
653 Ключевые слова __
a Ключевые слова Инженерная графика и начертательная геометрия
653 Ключевые слова __
a Ключевые слова Черчение и перспектива
653 Ключевые слова __
a Ключевые слова Начертательная геометрия и перспектива
653 Ключевые слова __
a Ключевые слова Топографическое черчение
653 Ключевые слова __
a Ключевые слова Черчение
653 Ключевые слова __
a Ключевые слова Электротехническое черчение
653 Ключевые слова __
a Ключевые слова Основы инженерной графики
653 Ключевые слова __
a Ключевые слова Основы строительного черчения
653 Ключевые слова __
a Ключевые слова Основы технического черчения
653 Ключевые слова __
a Ключевые слова Техническое черчение
653 Ключевые слова __
a Ключевые слова Основы черчения
653 Ключевые слова __
a Ключевые слова Начертательная геометрия и инженерная графика
653 Ключевые слова __
a Ключевые слова Строительное черчение
653 Ключевые слова __
a Ключевые слова Основы черчения и начертательной геометрии
653 Ключевые слова __
a Ключевые слова Основы черчения с начертательной геометрией
653 Ключевые слова __
a Ключевые слова Черчение и начертательная геометрия
653 Ключевые слова __
a Ключевые слова Основы черчения и начертательная геометрия
653 Ключевые слова __
a Ключевые слова Инженерная графика (черчение)
653 Ключевые слова __
a Ключевые слова Основы начертательной геометрии и технического черчения
653 Ключевые слова __
a Ключевые слова Начертательная геометрия и основы черчения
653 Ключевые слова __
a Ключевые слова Начертательная геометрия, черчение
653 Ключевые слова __
a Ключевые слова Разработка отдельных архитектурных, в том числе объемных и планировочных, решений в составе проектной документации
856 Электронный адрес документа 40
n Местонахождение сервера Юрайт
g Электронная книга
q Тип электронного формата html
h Имя пользователя ЮРАЙТ
v Часы доступа к ресурсу 20271231
2 Способ доступа Показать документ
x Служебное примечание https://urait.ru/book/cover/C69CA76C-B3C9-4D73-BAE5-CED9F6B3CBEB
u URL https://urait.ru/bcode/561184
856 Электронный адрес документа 48
q Тип электронного формата cover
u URL https://urait.ru/book/cover/C69CA76C-B3C9-4D73-BAE5-CED9F6B3CBEB
911 __
u 0030=https://urait.ru/bcode/561184
911 __
u 073a=9785534089370
u 073d=2189.00
911 __
u 106a=s
911 __
u 900l=
952 Тип литературы __
i Дисциплина Инженерная графика
952 Тип литературы __
i Дисциплина Начертательная геометрия. Инженерная графика
952 Тип литературы __
i Дисциплина Начертательная геометрия
952 Тип литературы __
i Дисциплина Начертательная геометрия и черчение
952 Тип литературы __
i Дисциплина Инженерная графика и начертательная геометрия
952 Тип литературы __
i Дисциплина Черчение и перспектива
952 Тип литературы __
i Дисциплина Начертательная геометрия и перспектива
952 Тип литературы __
i Дисциплина Топографическое черчение
952 Тип литературы __
i Дисциплина Черчение
952 Тип литературы __
i Дисциплина Электротехническое черчение
952 Тип литературы __
i Дисциплина Основы инженерной графики
952 Тип литературы __
i Дисциплина Основы строительного черчения
952 Тип литературы __
i Дисциплина Основы технического черчения
952 Тип литературы __
i Дисциплина Техническое черчение
952 Тип литературы __
i Дисциплина Основы черчения
952 Тип литературы __
i Дисциплина Начертательная геометрия и инженерная графика
952 Тип литературы __
i Дисциплина Строительное черчение
952 Тип литературы __
i Дисциплина Основы черчения и начертательной геометрии
952 Тип литературы __
i Дисциплина Основы черчения с начертательной геометрией
952 Тип литературы __
i Дисциплина Черчение и начертательная геометрия
952 Тип литературы __
i Дисциплина Основы черчения и начертательная геометрия
952 Тип литературы __
i Дисциплина Инженерная графика (черчение)
952 Тип литературы __
i Дисциплина Основы начертательной геометрии и технического черчения
952 Тип литературы __
i Дисциплина Начертательная геометрия и основы черчения
952 Тип литературы __
i Дисциплина Начертательная геометрия, черчение
952 Тип литературы __
i Дисциплина Разработка отдельных архитектурных, в том числе объемных и планировочных, решений в составе проектной документации